Länder nach Bierkonsum - Statistiken

Allgemein
  • Dieses Quiz wurde 154 mal gespielt
  • Das Durchschnittsergebnis liegt bei 19 aus 30
Antwortstatistiken
Verbrauch/Kopf in l Land % Korrekt
99 Deutschland
100%
72,7 Vereinigte Staaten
95%
126 Tschechien
92%
107,8 Österreich
91%
97,7 Polen
90%
79,3 Niederlande
87%
88,8 Spanien
84%
65,9 Belgien
82%
70,3 Vereinigtes Königreich
80%
76,1 Slowakei
77%
70,5 Mexiko
73%
92,9 Irland
72%
80 Slowenien
72%
73,7 Ungarn
68%
59,8 Dänemark
67%
85,5 Kroatien
67%
100,3 Rumänien
65%
75,1 Australien
63%
72 Finnland
62%
78,7 Bulgarien
59%
81,4 Lettland
59%
74,4 Litauen
59%
80,5 Estland
57%
68,6 Bosnien und Herzegowina
51%
61 Neuseeland
48%
60,1 Süd Afrika
30%
95,5 Namibia
8%
78,3 Panama
7%
67 Gabun
2%
59,2 Kambodscha
2%
Keine übereinstimmenden Quizze gefunden
Verteilung der Resultate
Anzahl Personen mit jedem Resultat
Perzentil nach korrekt beantworteten Fragen
Ihre Resultats-Entwicklung
Sie haben dieses Quiz noch nicht gespielt